Central Library OPAC University of Rajshahi

Stereo sound / (Record no. 17425)

MARC details
000 -LEADER
fixed length control field 00648nam a22002412 4500
001 - CONTROL NUMBER
control field 17425
003 - CONTROL NUMBER IDENTIFIER
rucl marc code BD-RjUL
005 - DATE AND TIME OF LATEST TRANSACTION
control field 20211209000134.0
008 - FIXED-LENGTH DATA ELEMENTS--GENERAL INFORMATION
fixed length control field 741005s1974 enka 001 0 eng d
020 ## - INTERNATIONAL STANDARD BOOK NUMBER
International Standard Book Number 0852422873
035 ## - SYSTEM CONTROL NUMBER
System control number (BD-RjUL)17483
040 ## - CATALOGING SOURCE
Original cataloging agency UKM
Transcribing agency UKM
Modifying agency BD-RjUL
Language of cataloging eng
041 ## - LANGUAGE CODE
Language code of text/sound track or separate title eng
082 0# - DEWEY DECIMAL CLASSIFICATION NUMBER
Classification number 621.38933
Edition number 18
Author mark and year HES 1974
100 1# - MAIN ENTRY--PERSONAL NAME
Personal name Hellyer, H. W.
9 (RLIN) 53690
245 10 - TITLE STATEMENT
Title Stereo sound /
Statement of responsibility, etc. H.W. Hellyer.
260 ## - PUBLICATION, DISTRIBUTION, ETC. (IMPRINT)
Place of publication, distribution, etc. Hemel Hempstead :
Name of publisher, distributor, etc. Fountain Press,
Date of publication, distribution, etc. 1974.
300 ## - PHYSICAL DESCRIPTION
Pagination [8], 224 p. :
Illustrations ill. ;
Size 23 cm.
650 #0 - SUBJECT ADDED ENTRY--TOPICAL TERM
Topical term or geographic name as entry element Stereophonic sound systems.
9 (RLIN) 53691
942 ## - ADDED ENTRY ELEMENTS (KOHA)
Source of classification or shelving scheme Dewey Decimal Classification
Koha item type Books
Holdings
Lost status Source of classification or shelving scheme Damaged status Not for loan Collection code Permanent Location Current Location Shelving location Date acquired Source of acquisition Cost, normal purchase price Total Checkouts Full call number Date last seen Copy number Koha item type
  Dewey Decimal Classification   Not For Loan Non-fiction Central Library, University of Rajshahi Central Library, University of Rajshahi Reading Room 03/06/1979 Standard Pub. Rajshahgi 140.00   621.38933 HES 1974 17/02/2014 C-1 Books